LEADER 00981nam0-22003371i-450- 001 990003821120403321 010 $a0-521-80510-4 035 $a000382112 035 $aFED01000382112 035 $a(Aleph)000382112FED01 035 $a000382112 100 $a20020311d2001----km-y0itay50------ba 101 0 $aeng 102 $aGB 105 $a--------001cy 200 1 $a<>politics of misinformation$fMurray Edelman 210 $aCambridge$cCambridge University Press$dc2001 215 $axii, 139 p.$d23 cm 225 1 $aCommunication, society and politics 320 $aContiene bibl. 610 0 $aPOLITICA$aComunicazione 610 0 $aCOMUNICAZIONE$aAspetti politici 676 $a320.014$v21$zita 700 1$aEdelman,$bMurray Jacob$f<1919-2001>$0143874 801 0$aIT$bUNINA$gRICA$2UNIMARC 901 $aBK 912 $a990003821120403321 952 $a320.014 EDE 1$b8095 959 $aBFS 996 $aPolitics of misinformation$9505876 997 $aUNINA LEADER 00755nam0-22003011i-450- 001 990003072710403321 035 $a000307271 035 $aFED01000307271 035 $a(Aleph)000307271FED01 035 $a000307271 100 $a20000920d1985----km-y0itay50------ba 101 0 $aita 102 $aIT 200 1 $aEtica e società$fGiuseppe Colasanti. 210 $aMilano$cFranco Angeli$d1985. 215 $a348 p.$d21 cm 225 1 $aCollana di sociologia 676 $a13120 676 $a13300 702 1$aColasanti,$bGiuseppe 801 0$aIT$bUNINA$gRICA$2UNIMARC 901 $aBK 912 $a990003072710403321 952 $a13300 COL$b7175$fSES 959 $aSES 996 $aEtica e società$9464330 997 $aUNINA DB $aING01